000 00313nam a22001337a 4500
008 170321b xxu||||| |||| 00| 0 eng d
020 _a9780345373533
041 _aeng
080 _a616.12-008-073
100 _a7
101 _aSHM
245 _aPROGRAM FOR REVERSING HEART DISEASE
_cORNISH, D
942 _2udc
_cBK
999 _c8294
_d8294